| 000 | 00453cam a22001934a 4500 | ||
|---|---|---|---|
| 005 | 20250605164246.0 | ||
| 008 | 250528s ||||||||||||||||||||||||d | ||
| 035 | _a21512 | ||
| 020 | _a9780716736271 | ||
| 040 |
_aGR-AtMCL _bgre _dGR-AtMCL _eAACR2 |
||
| 245 | 1 | _aTHE BASIC PRACTICE OF STATISTICS | |
| 250 | _a2 | ||
| 260 |
_bFreeman, _c2000 |
||
| 300 | _a619 | ||
| 700 | 1 |
_aMoore David S _93257 |
|
| 942 | _cBK | ||
| 999 |
_c6574 _d6574 |
||